Ground water development in India By T G K Charlu (Record no. 543026)

MARC details
000 -LEADER
fixed length control field 00858nam a2200277Ia 4500
003 - CONTROL NUMBER IDENTIFIER
control field OSt
005 - DATE AND TIME OF LATEST TRANSACTION
control field 20220925202400.0
008 - FIXED-LENGTH DATA ELEMENTS--GENERAL INFORMATION
fixed length control field 220923b |||||||| |||| 00| 0 eng d
037 ## - SOURCE OF ACQUISITION
Terms of availability General Book
040 ## - CATALOGING SOURCE
Original cataloging agency RTL
Transcribing agency RTL
Language of cataloging eng
041 ## - LANGUAGE CODE
Source of code eng
Language code of text/sound track or separate title eng
100 ## - MAIN ENTRY--PERSONAL NAME
Personal name Dutt D K
9 (RLIN) 263612
245 #0 - TITLE STATEMENT
Title Ground water development in India By T G K Charlu
260 ## - PUBLICATION, DISTRIBUTION, ETC.
Place of publication, distribution, etc. Delhi
Name of publisher, distributor, etc. R E C
Date of publication, distribution, etc. 1982
300 ## - PHYSICAL DESCRIPTION
Extent 228p Bibliography: P 213-24
Dimensions cm.
490 ## - SERIES STATEMENT
Series statement Rural Electrification Corporation Technical Series; 1
650 ## - SUBJECT ADDED ENTRY--TOPICAL TERM
Topical term or geographic name entry element Irrigation
9 (RLIN) 232519
650 ## - SUBJECT ADDED ENTRY--TOPICAL TERM
Topical term or geographic name entry element Underground Water
9 (RLIN) 232520
650 ## - SUBJECT ADDED ENTRY--TOPICAL TERM
Topical term or geographic name entry element Industrial Economics
700 ## - ADDED ENTRY--PERSONAL NAME
Personal name Charlu T G K
9 (RLIN) 263613
942 ## - ADDED ENTRY ELEMENTS (KOHA)
Classification part X9(D24):77.2.N8, M2
Koha item type General Books
Source of classification or shelving scheme Colon Classification (CC)
Holdings
Withdrawn status Lost status Damaged status Not for loan Home library Current library Date acquired Total Checkouts Full call number Barcode Date last seen Price effective from Koha item type
        Ratan Tata Library Ratan Tata Library 2022-09-25   X9(D24):77.2.N8 M2 RT1115366 2022-09-25 2022-09-25 General Books
Copyright @ Delhi University Library System